000 00991nam a2200265Ia 4500
003 OSt
005 20221002043836.0
006 a|||||r|||| 00| 0
007 ta
008 220930b |||||||| |||| 00| 0 hin d
020 _a8170553334 (hbk)
_c275
024 _a16804
037 _b518A, 21/03/2015, Vani Prakashan
_cReference Collections
040 _aCRL
_cCRL
_bhin
041 _2hin
_ahin
082 _aO152,3N295x, P3.1(RR)
100 _aशिवप्रसाद सिंह
245 0 _aशिवप्रसाद सिंह की संपूर्ण कहानियां
260 _aनयी
_bदिल्ली वाणी प्रकाशन
_c2003
300 _a282पृ0
_ccm.
490 _vभाग 1
650 _aहिन्दी साहित्य
942 _hO152,3N295x, P3.1(RR)
_cref
_2CC
999 _c909057
_d909057